[Event "CRO-chT1B 24th"]
[Site "Bol"]
[Date "2015.10.04"]
[Round "2.56"]
[White "Florjan, Mladen"]
[Black "Drmic, Tomislav"]
[Result "1/2-1/2"]
[WhiteElo "2014"]
[BlackElo "2290"]
[PlyCount "93"]
[EventDate "2015.10.03"]
[EventType "team-tourn"]
[EventRounds "9"]
[EventCountry "CRO"]
[SourceTitle "CBM 168 Extra"]
[Source "ChessBase"]
[SourceDate "2015.10.29"]
[SourceVersion "1"]
[SourceVersionDate "2015.10.29"]
[SourceQuality "1"]
[WhiteTeam "Varazdin"]
[BlackTeam "Djakovo Limmont"]
[WhiteTeamCountry "CRO"]
[BlackTeamCountry "CRO"]

1. e4 e5 2. Nf3 Nc6 3. Bb5 Nge7 4. 0-0 Ng6 5. c3 a6 6. Bxc6 dxc6 7. d4 Bg4 8. Be3 Bd6 9. h3 h5 10. hxg4 hxg4 11. Bg5 Be7 12. Nxe5 Nxe5 13. dxe5 Qxd1 14. Rxd1 Bxg5 15. Na3 Ke7 16. Rd3 Bf4 17. Nc4 Rad8 18. Rad1 Rxd3 19. Rxd3 Rd8 20. Rxd8 Kxd8 21. g3 Bc1 22. b3 b6 23. Kf1 Ke7 24. Ke2 Ke6 25. Kd3 c5 26. Ne3 Bxe3 27. Kxe3 Kxe5 28. c4 g6 29. Kd3 f5 30. exf5 gxf5 31. Ke3 f4+ 32. Kd3 Kf5 33. a3 Ke5 34. gxf4+ Kxf4 35. Kd2 Kf3 36. Ke1 c6 37. a4 Ke4 38. Kf1 b5 39. Kg2 Kf4 40. a5 Ke4 41. Kg3 Kf5 42. f3 gxf3 43. Kxf3 Ke5 44. Ke3 b4 45. Kd3 Kf4 46. Kd2 Ke4 47. Ke2 1/2-1/2